ბათუმის შოთა რუსთაველის სახელმწიფო უნივერსიტეტის ბიბლიოთეკა

Clinical Techniques in Ophthalmology / (ბიბ.ჩანაწერი № 61854)

000 -LEADER
fixed length control field 00853nam a22002177a 4500
005 - DATE AND TIME OF LATEST TRANSACTION
control field 20240529161558.0
008 - FIXED-LENGTH DATA ELEMENTS--GENERAL INFORMATION
fixed length control field 240529s2006 enk||||| |||| 00| 0 eng d
020 ## - INTERNATIONAL STANDARD BOOK NUMBER
International Standard Book Number 9780443103049x
041 ## - LANGUAGE CODE
Language code of text/sound track or separate title eng
080 ## - UNIVERSAL DECIMAL CLASSIFICATION NUMBER
Universal Decimal Classification number 617.7 C-61
245 ## - TITLE STATEMENT
Title Clinical Techniques in Ophthalmology /
Statement of responsibility, etc. Edited by Simon Nicholas Madge, James Kersey, Matthew Hawker, Meon Lamont.
264 ## - PRODUCTION, PUBLICATION, DISTRIBUTION, MANUFACTURE, AND COPYRIGHT NOTICE
Place of production, publication, distribution, manufacture Edinburgh :
Name of producer, publisher, distributor, manufacturer Churchill Livingstone,
Date of production, publication, distribution, manufacture, or copyright notice 2006.
300 ## - PHYSICAL DESCRIPTION
Extent 302 p.:
Other physical details ill.;
Dimensions 25 cm.
653 ## - INDEX TERM--UNCONTROLLED
keyword ოფთალმოლოგია
653 ## - INDEX TERM--UNCONTROLLED
keyword მედიცინა
700 ## - ADDED ENTRY--PERSONAL NAME
Personal name Madge, Simon Nicholas
Relator term რედაქტორი
9 (RLIN) 22221
700 ## - ADDED ENTRY--PERSONAL NAME
Personal name Kersey, James
Relator term რედაქტორი
9 (RLIN) 22222
700 ## - ADDED ENTRY--PERSONAL NAME
Personal name Hawker, Matthew
Relator term რედაქტორი
9 (RLIN) 22223
700 ## - ADDED ENTRY--PERSONAL NAME
Personal name Lamont, Meon
Relator term რედაქტორი
9 (RLIN) 22224
942 ## - ADDED ENTRY ELEMENTS (KOHA)
Source of classification or shelving scheme
Koha item type წიგნი
ეგზემპლარები
Withdrawn status Lost status Source of classification or shelving scheme Damaged status Not for loan Permanent Location Current Location Shelving location Date acquired Cost, normal purchase price Full call number Barcode Date last seen Copy number Price effective from Koha item type Public note
          ბათუმის შოთა რუსთაველის სახელმწიფო უნივერსიტეტის მთავარი ბიბლიოთეკა ბათუმის შოთა რუსთაველის სახელმწიფო უნივერსიტეტის მთავარი ბიბლიოთეკა წიგნსაცავი 2024-05-29 148.00 617.7 C-61 68006 2024-05-29 68006 2024-05-29 წიგნი 148 ლ.